Normal view
MARC view
- Architecture
Entry Topical Term
001 - CONTROL NUMBER
- control field: 129191
003 - CONTROL NUMBER IDENTIFIER
- control field: NUST
005 - DATE AND TIME OF LATEST TRANSACTION
- control field: 20250624135547.0
008 - FIXED-LENGTH DATA ELEMENTS
- fixed length control field: 250624|| aca||aabn | a|a d
040 ## - CATALOGING SOURCE
- Original cataloging agency: NUST
- Transcribing agency: NUST
150 ## - HEADING--TOPICAL TERM
- Topical term or geographic name entry element: Architecture
- General subdivision: Modern
670 ## - SOURCE DATA FOUND
- Source citation: Work cat.: (NUST): Bell,Jonathan 129190, The Contemporary House /, 2018.
